|
|
|
|
| LEADER |
00602nam a2200181Ia 4500 |
| 001 |
138766 |
| 008 |
170722s9999 xx 000 0 und d |
| 020 |
|
|
|a 0471150320
|
| 100 |
|
|
|a Nellist, John G.
|
| 245 |
|
|
|a Understanding telecommunications and lightwave systems /
|
| 250 |
|
|
|a 3rd ed.
|
| 260 |
|
|
|a New York :
|b John Wiley and sons ,
|c 2002.
|
| 300 |
|
|
|a xi+269
|
| 653 |
|
|
|a Telecommunication
|
| 923 |
|
|
|d 20040313
|n WCD2721/03
|
| 942 |
|
|
|c GEN
|
| 999 |
|
|
|c 128647
|d 128647
|
| 952 |
|
|
|0 0
|1 0
|4 0
|6 D_654C51_P21
|7 0
|9 181923
|a LIB
|b LIB
|d 2013-03-25
|e Modern Book Centre
|o D65,4:(C51) P21
|p 253144
|r 2017-08-12
|w 2017-08-12
|y GEN
|